000 00604nam a2200193Ia 4500
003 OSt
005 20260106152711.0
008 210210b1945 xxu||||| |||| 00| 0 eng d
040 _cAL
041 _aKannada
082 _a859/1458
100 _aRAVINDRANATHA THAKURA
_9150018
_dರವೀಂದ್ರನಾಥ ಠಾಕೂರ
245 _aRavindra kathegalu-3
_bರವೀಂದ್ರ ಕಥೆಗಳು - ೩
260 _aBengaluru
_bSatyashodhana Prakatana Mandira
_c1945
690 _aKannada Fiction
_9150019
700 _aayyar
_dಅಯ್ಯರ್
_9250373
906 _a022191
942 _2ddc
_cBK
999 _c146295
_d146295